| 000 | 01481nam a2200421 i 4500 | ||
|---|---|---|---|
| 001 | 4908 | ||
| 003 | KOSZ 005 | ||
| 005 | 20200127131136.0 | ||
| 008 | 200127s1975 pl a f f 000 0 pol | ||
| 015 | _aPB 1975/7135 | ||
| 035 | _a(OCoLC)749294053 | ||
| 040 |
_aWA N _cWA N _dKOSZ 005/HR _dKOSZ 005/RW |
||
| 046 | _k1975 | ||
| 080 | _a691 | ||
| 080 | _a666 | ||
| 080 | _a(075.8) | ||
| 100 | 1 |
_aParczewski, Wacław _eAutor |
|
| 245 | 1 | 0 |
_aMateriały budowlane / _cWacław Parczewski. |
| 250 | _aWydanie 1, (dodruk). | ||
| 260 |
_aWarszawa : _bPaństwowe Wydawnictwo Naukowe, _c1975. |
||
| 300 |
_a404 strony, [1] karta tablic : _bilustracje, tablice, wykresy, errata ; _c24 cm. |
||
| 336 |
_aTekst _btxt _2rdacontent |
||
| 337 |
_aBez urządzenia pośredniczącego _bn _2rdamedia |
||
| 338 |
_aWolumin _bnc _2rdacarrier |
||
| 380 | _aKsiążki. | ||
| 380 | _aPublikacje dydaktyczne. | ||
| 385 |
_mPoziom nauczania. _aSzkoły wyższe. |
||
| 388 | _a1901-2000 | ||
| 388 | _a1945-1989 | ||
| 504 | _aBibliografia na stronach [398]-402. | ||
| 521 | 8 | _aPodręcznik dla studentów wydziałów architektury w wyższych szkołach technicznych. | |
| 650 | 7 | _aMateriały budowlane | |
| 655 | 7 | _aPodręczniki akademickie | |
| 658 | _aArchitektura i budownictwo | ||
| 710 | 2 |
_aPaństwowe Wydawnictwo Naukowe _4pbl |
|
| 856 |
_uhttp://koha.tu.koszalin.pl/cgi-bin/koha/opac-detail.pl?biblionumber=4908 _yKatalog online BPK |
||
| 942 |
_2UKD _cKS |
||
| 999 |
_c4908 _d4908 |
||